O alquimista (Record no. 45427)

MARC details
000 -Etiqueta do registo
Valores 00608cam a2200217 4500
021 ## - Número do Depósito Legal
Número 62274/93
100 ## - Dados gerais de processamento
Dados gerais 19960605d1995 m y0pory5003 ba
101 0# - Língua de publicação
Língua por
102 ## - País de publicação
País PT
200 1# - Titulo e menção de responsabilidade
Título próprio O alquimista
Primeira menção de responsabilidade Paulo Coelho
Outras menções de responsabilidade rev. Maria Manuela Garcia Cruz
-- il. João Batel
205 ## - Menção da edição
Edição 7.ª ed.
210 #9 - Publicação
Local de publicação Lisboa
Nome do editor Pergaminho,
Data de publicação 1995
215 ## - Descrição física 
Paginação / Volumes 245, [3] p.
Outras indicações físicas il.
Dimensões 23 cm
675 ## - CDU
Notação 821.134.3(81)-31"19/20"
Edição BN
Língua por
700 #1 - Autor principal
Apelido Coelho,
Nome Paulo,
Datas 1947-
702 #1 - Autor secundário
Apelido Cruz,
Nome Maria Manuela Garcia da
Função 640
702 #1 - Autor secundário
Apelido Batel,
Nome João
Função 440
801 #0 - Fonte de origem
País PT
Agência BN
Regras de catalogação RPC
990 ## - Elementos KOHA
Tipo de documento Livro
Holdings
Aquisição Empréstimo Código de barras Cota Permissão de empréstimo Tipo de documento
Biblioteca Escolar Doutor Hernâni Cidade Biblioteca Escolar Doutor Hernâni Cidade 81685 82-31 COE ROMANCE   Livro

Powered by Koha